Darts Major Gewinner 2022 - Statistiken

Allgemein
  • Dieses Quiz wurde 347 mal gespielt
  • Das Durchschnittsergebnis liegt bei 8 aus 11
Antwortstatistiken
Turnier Spieler % Korrekt
PDC World Darts Championship Peter Wright
99%
Premier League Darts Michael van Gerwen
90%
World Matchplay Michael van Gerwen
82%
World Grand Prix Michael van Gerwen
77%
Players Championship Finals Michael van Gerwen
77%
Grand Slam of Darts Michael Smith
76%
The Masters Joe Cullen
73%
World Cup of Darts Damon Heta & Simon Whitlock
71%
European Darts Championship Ross Smith
71%
UK Open Danny Noppert
67%
World Series of Darts Finals Gerwyn Price
67%
Keine übereinstimmenden Quizze gefunden
Verteilung der Resultate
Anzahl Personen mit jedem Resultat
Perzentil nach korrekt beantworteten Fragen
Ihre Resultats-Entwicklung
Sie haben dieses Quiz noch nicht gespielt